Statistiques concernant Les Cinémas indépendants parisiens par image

Cliquez ici pour prendre le quiz!

Statistiques générales

  • Ce quiz a été pris 16 fois
    (15 depuis la dernière actualisation)
  • Le résultat moyen est 11 sur 41

Statistiques - réponses

Réponse% Correct
Le Grand Rex
100%
Élysée Lincoln
67%
Christine Cinéma Club
56%
La Cinémathèque française
56%
La Clef
56%
Le Grand Action
56%
Le Louxor
56%
L'Arlequin
44%
Écoles Cinéma Club
33%
La Filmothèque du Quartier Latin
33%
Le Balzac
33%
Le Champo
33%
Le Luminor
33%
Le Majestic Bastille
33%
Le Max Linder Panorama
33%
Le Reflet Médicis
33%
Les 3 Luxembourg
33%
Les 7 Parnassiens
33%
L'Archipel
22%
Le Brady
22%
Le Bretagne
22%
Le Cinéma des Cinéastes
22%
Le Cinéma du Panthéon
22%
Le Majestic Passy
22%
L'Espace Saint-Michel
22%
Le Studio Galande
22%
L'Étoile Saint-Germain-des-Prés
22%
Publicis Cinémas
22%
Le Chaplin Denfert
11%
Le Lucernaire
11%
Le Nouvel Odéon
11%
L'Entrepôt
11%
L'Épée de bois
11%
Le Saint-André-des-Arts
11%
L'Escurial
11%
Le Studio 28
11%
Le 5 Caumartin
0%
Le Chaplin Saint-Lambert
0%
Le Mac-Mahon
0%
Les 7 Batignolles
0%
Le Studio des Ursulines
0%

Distribution des résultats

Percentile par nombre de réponses

% des personnes avec chaque résultat

Votre développement - résultats

Vous n’avez pas pris ce quiz depuis la dernière actualisation